Les lieux de pèlerinages en France - Statistiques

Statistiques générales
  • Ce quiz a été pris 15 fois
  • Le résultat moyen est 8 sur 87
Statistiques - réponses
Hint Réponse % Correct
Occitanie Notre-Dame L Lourdes
64%
Auvergne-Rhône-Alpes Notre-Dame-de-l'Immaculée-Conception L Lyon
36%
Ile-de-France Ste Geneviève N Nanterre | Paris
36%
Ile-de-France Sacré-Coeur P Paris
36%
Ile-de-France Notre-Dame de la Médaille-miraculeuse P Paris
36%
Ile-de-France Notre-Dame-des-Victoires / Sts Louis et Zélie Martin P Paris
36%
Auvergne-Rhône-Alpes Notre-Dame-du-Port C Clermont
27%
Auvergne-Rhône-Alpes Notre-Dame L La Salette
27%
Normandie Ste Thérèse L Lisieux
27%
Provence-Alpes-Côte d’Azur Notre-Dame-de-Confession M Marseille
27%
Bourgogne-Franche-Comté Ste Bernadette N Nevers
27%
Centre-Val-de-Loire Notre-Dame-des-Miracles O Orléans
27%
Bourgogne-Franche-Comté Ste Marguerite-Marie Alacoque P Paray-le-Monial
27%
Pays-de-la-Loire Notre-Dame-de-l'Espérance P Pontmain
27%
Ile-de-France St Denis S Saint-Denis
27%
Bourgogne-Franche-Comté Ste Marie-Madeleine V Vézelay
27%
Bourgogne-Franche-Comté Enfant Jésus B Beaune
18%
Centre-Val-de-Loire Notre-Dame C Chartres
18%
Grand Est Ste Jeanne d'Arc D Domrémy
18%
Hauts-de-France Notre-Dame de la Treille L Lille
18%
Normandie St Michel M Mont Saint-Michel
18%
Bourgogne-Franche-Comté St Claude S Saint-Claude
18%
Occitanie Saint-Sernin T Toulouse
18%
Auvergne-Rhône-Alpes St Jean-Marie Vianney A Ars-sur-Formans
9%
Auvergne-Rhône-Alpes St Julien B Brioude
9%
Hauts-de-France Notre-Dame des Dunes D Dunkerque
9%
Normandie Notre-Dame de Grâce H Honfleur
9%
Centre-Val-de-Loire Notre-Dame-du-Sacré-Coeur I Issoudun
9%
Auvergne-Rhône-Alpes Notre-Dame L Le Puy-en-Velay
9%
Centre-Val-de-Loire Notre-Dame L L'Île-Bouchard
9%
Grand Est St Blaise M Metz
9%
Occitanie Notre-Dame-de-Santa Cruz N Nîmes
9%
Occitanie Notre-Dame / St Amadour R Rocamadour
9%
Provence-Alpes-Côte d’Azur Stes Marie-de-Nazaretn, Marie Salomé et Marie-Madeleine S Saintes-Maries-de-la-Mer
9%
Provence-Alpes-Côte d’Azur Ste Marie-Madeleine S Saint-Maximin-la-Sainte-Baume
9%
Grand Est St Nicolas S Saint-Nicolas-de-Port
9%
Grand Est Notre Dame de Neunkirch S Sarreguemines
9%
Centre-Val-de-Loire St Martin T Tours
9%
Hauts-de-France Notre-Dame-du-Saint-Cordon V Valenciennes
9%
Hauts-de-France Notre-Dame-de-Panetières A Aire-sur-la-Lys
0%
Hauts-de-France Notre-Dame de Brebières A Albert
0%
Normandie Ste Thérèse / Sts Louis et Zélie Martin A Alençon
0%
Hauts-de-France St Benoit-Joseph Labre A Amettes
0%
Grand Est Notre-Dame A Avioth
0%
Auvergne-Rhône-Alpes Notre-Dame-de-Vassivière B Besse-et-Saint-Anastaise
0%
Provence-Alpes-Côte d’Azur St Marcellin B Boulbon
0%
Hauts-de-France Notre-Dame B Boulogne-sur-Mer
0%
Bretagne St Briac B Bourbriac
0%
Nouvelle-Aquitaine St Antoine-de-Padoue B Brive-la-Gaillarde
0%
Hauts-de-France Notre-Dame de Grâce C Cambrai
0%
Auvergne-Rhône-Alpes Notre-Dame-de-la-Délivrance C Chapias
0%
Centre-Val-de-Loire Notre-Dame C Cléry
0%
Ile-de-France Notre-Dame-des-Anges C Clichy-sous-Bois
0%
Occitanie Ste Foy C Conques
0%
Provence-Alpes-Côte d’Azur Notre-Dame C Cotignac
0%
Bourgogne-Franche-Comté Ste Alpais C Cudot
0%
Normandie Notre-Dame D Douvres-la-Délivrande
0%
Bretagne St Gouesnou G Gouesnou
0%
Bourgogne-Franche-Comté Notre-Dame de Mont-Roland J Jouhe
0%
Auvergne-Rhône-Alpes St Jean-François Régis L Lalouvesc
0%
Bretagne St Thélo L Landeleau
0%
Auvergne-Rhône-Alpes Notre-Dame-de-Natzy L La Tour-d'Auvergne
0%
Hauts-de-France Notre-Dame de Liesse L Liesse-Notre-Dame
0%
Bretagne St Guénolé L Locquénolé
0%
Bretagne St Ronan L Locronan
0%
Normandie Notre-Dame libératrice des âmes du Purgatoire M Montligeon
0%
Grand Est Ste Odile M Mont Sainte-Odile
0%
Grand Est Notre-Dame-de-Bon-Secours N Neuvizy
0%
Auvergne-Rhône-Alpes Notre-Dame O Orcival
0%
Corse Notre-Dame P Pancheraccia
0%
Centre-Val-de-Loire Notre-Dame P Pellevoisin
0%
Grand Est Notre-Dame du Schauenberg P Pfaffenheim
0%
Occitanie Ste Germaine P Pibrac
0%
Grand Est Notre-Dame P Plobsheim
0%
Bretagne Ste Anne S Sainte-Anne-d'Auray
0%
Provence-Alpes-Côte d’Azur Notre-Dame du Laus S Saint-Étienne-le-Laus
0%
Auvergne-Rhône-Alpes Notre-Dame-de-Pitié S Saint-Genest-Lerp
0%
Ile-de-France Notre-Dame des Miracles S Saint-Maur-des-Fossés
0%
Grand Est St Gibrien de Moncourt S Sauvigny
0%
Occitanie Notre-Dame S Ste Thérèse
0%
Grand Est Notre-Dame T Thierenbach
0%
Pays-de-la-Loire Notre-Dame de Fréligné T Touvois
0%
Bourgogne-Franche-Comté Notre-Dame de Bellevue T Tronchoy
0%
Hauts-de-France Ste Rita V Vendeville
0%
Ile-de-France Notre-Dame V Verdelot
0%
Pays-de-la-Loire Notre-Dame du Chêne V Vion
0%
Hauts-de-France Ste Clotilde V Vivières
0%
Aucun quiz correspondant
Distribution des résultats
% des personnes avec chaque résultat
Percentile par nombre de réponses
Votre historique - résultats
Vous n’avez pas pris ce quiz